000 00262nam a2200097Ia 4500
001 915974
005 20250826185844.0
008 250824s9999 xx 000 0 und d
245 0 _aPERİLER EMPATİYİ ANLATIYOR
_cROSE M CURTO
260 _bBİNBİR ÇİÇEK YAYINLARI
999 _c915974
_d915974